Normal view MARC view

Entry Personal Name

Number of records used in: 1

001 - CONTROL NUMBER

  • control field: 31906

003 - CONTROL NUMBER IDENTIFIER

  • control field: OSt

005 - DATE AND TIME OF LATEST TRANSACTION

  • control field: 20220713163739.0

008 - FIXED-LENGTH DATA ELEMENTS

  • fixed length control field: 220713|| aca||aabn | a|a d

040 ## - CATALOGING SOURCE

  • Original cataloging agency: OSt
  • Transcribing agency: OSt

100 ## - HEADING--PERSONAL NAME

  • Personal name: Reddy, B., Prakash, R. and Reddy, B.M.

670 ## - SOURCE DATA FOUND

  • Source citation: Work cat.: (OSt)519012: Reddy, B., Prakash, R. and Reddy, B.M. , Dynamics of agricultural labour in small-farm economy: Work, gender and technologies in cotton production in Telangana

Powered by Koha